MARC details
| 000 -CABECERA |
| campo de control de longitud fija |
01369cam a2200349 a 4500 |
| 001 - NÚMERO DE CONTROL |
| campo de control |
000007448 |
| 005 - FECHA Y HORA DE LA ÚLTIMA TRANSACCIÓN |
| campo de control |
20240306073909.0 |
| 008 - DATOS DE LONGITUD FIJA--INFORMACIÓN GENERAL |
| campo de control de longitud fija |
041223s2003 cu b 001 0dspa |
| 020 ## - NÚMERO INTERNACIONAL ESTÁNDAR DEL LIBRO |
| Número Internacional Estándar del Libro |
9597006820 |
| 035 ## - NÚMERO DE CONTROL DEL SISTEMA |
| Número de control de sistema |
(UyMoLRL)lr20192 |
| 040 ## - FUENTE DE LA CATALOGACIÓN |
| Centro catalogador/agencia de origen |
DO-SdBNP |
| Centro/agencia transcriptor |
DLC |
| 043 ## - CÓDIGO DE ÁREA GEOGRÁFICA |
| Código de área geográfica |
nwcu--- |
| -- |
n-mx--- |
| 082 ## - NÚMERO DE LA CLASIFICACIÓN DECIMAL DEWEY |
| Número de clasificación |
866.2 |
| Número de documento/Ítem |
M378c |
| 049 ## - FONDOS LOCALES (OCLC) |
| Fondos de biblioteca |
BNGR |
| 100 1# - ENTRADA PRINCIPAL--NOMBRE DE PERSONA |
| Nombre de persona |
Martí, José, |
| Fechas asociadas al nombre |
1853-1895 |
| 9 (RLIN) |
645 |
| 240 10 - TÍTULO UNIFORME |
| Título uniforme |
Correspondence. |
| Subencabezamiento de forma |
Selections |
| 245 10 - MENCIÓN DE TÍTULO |
| Título |
Correspondencia a Manuel Mercado / |
| Mención de responsabilidad, etc. |
José Marti ; compilación y notas de Marisela del Pino y Pedro Pablo Rodríguez ; introducción de Cintio Vitier ; edición Francisco Cepeda Tejera. |
| 260 ## - PUBLICACIÓN, DISTRIBUCIÓN, ETC. |
| Lugar de publicación, distribución, etc. |
La Habana : |
| Nombre del editor, distribuidor, etc. |
Centro de Estudios Martianos, |
| Fecha de publicación, distribución, etc. |
2003. |
| 300 ## - DESCRIPCIÓN FÍSICA |
| Extensión |
374 p. ; |
| Dimensiones |
21 cm. |
| 490 1# - MENCIÓN DE SERIE |
| Mención de serie |
Corcel |
| 504 ## - NOTA DE BIBLIOGRAFÍA, ETC. |
| Nota de bibliografía, etc. |
Incluye referencias bibliográficas (p. 45-46) e índice. |
| 600 10 - PUNTO DE ACCESO ADICIONAL DE MATERIA--NOMBRE DE PERSONA |
| Nombre de persona |
MARTÍ, JOSÉ, |
| Fechas asociadas al nombre |
1853-1895 |
| Subdivisión de forma |
CORRESPONDENCIA |
| 9 (RLIN) |
20705 |
| 600 10 - PUNTO DE ACCESO ADICIONAL DE MATERIA--NOMBRE DE PERSONA |
| Nombre de persona |
MERCADO, MANUEL, |
| Fechas asociadas al nombre |
1838-1909 |
| Subdivisión de forma |
CORRESPONDENCIA |
| 9 (RLIN) |
20706 |
| 651 #4 - PUNTO DE ACCESO ADICIONAL DE MATERIA--NOMBRE GEOGRÁFICO |
| Nombre geográfico |
Cuba |
| Subdivisión general |
Historia |
| Subdivisión cronológica |
1878-1895. |
| 9 (RLIN) |
16132 |
| 650 #0 - PUNTO DE ACCESO ADICIONAL DE MATERIA--TÉRMINO DE MATERIA |
| Término de materia o nombre geográfico como elemento de entrada |
Autores cubanos |
| Subdivisión cronológica |
SIGLO XX |
| Subdivisión de forma |
CORRESPONDENCIA |
| 9 (RLIN) |
20707 |
| 700 0# - PUNTO DE ACCESO ADICIONAL--NOMBRE DE PERSONA |
| Nombre de persona |
Cepeda Tejera, Francisco |
| Término indicativo de función/relación |
ed. |
| 9 (RLIN) |
20708 |
| 700 1# - PUNTO DE ACCESO ADICIONAL--NOMBRE DE PERSONA |
| Nombre de persona |
Mercado, Manuel, |
| Fechas asociadas al nombre |
1838-1909. |
| Término indicativo de función/relación |
comp. |
| 9 (RLIN) |
20709 |
| 700 1# - PUNTO DE ACCESO ADICIONAL--NOMBRE DE PERSONA |
| Nombre de persona |
Pino, Marisela del. |
| Término indicativo de función/relación |
comp. |
| 9 (RLIN) |
20710 |
| 700 1# - PUNTO DE ACCESO ADICIONAL--NOMBRE DE PERSONA |
| Nombre de persona |
Rodríguez, Pedro Pablo, |
| Fechas asociadas al nombre |
1946- |
| Término indicativo de función/relación |
comp. |
| 9 (RLIN) |
8793 |
| 830 #0 - PUNTO DE ACCESO ADICIONAL DE SERIE-TÍTULO UNIFORME |
| Título uniforme |
Corcel ; |
| 9 (RLIN) |
20711 |
| 910 ## - DATOS DE OPCIÓN DEL USUARIO (OCLC) |
| Datos de opción del usuario |
Catalogación por copia / LC |